| 000 | 00758nam a2200121Ia 4500 | ||
|---|---|---|---|
| 008 | 220615s9999||||xx |||||||||||||| ||und|| | ||
| 245 | 0 |
_aGames and Rules _bGame Mechanics for the »Magic Circle« |
|
| 546 | _aEnglish[eng] | ||
| 650 | _aMedia & Communications||Games||Video Games||Media||Media Studies||Game Studies||Game Design||Ludology||Narratology||Motivation||Game Mechanics||Ergodic Systems||Aporia and Epiphany||Computer Games||Media Aesthetics||Media Art | ||
| 700 | _aSuter, Beat||Kocher, Mela||Bauer, René | ||
| 856 | _uhttps://library.oapen.org/bitstream/20.500.12657/25374/1/1004722.pdf||https://library.oapen.org/bitstream/20.500.12657/25374/1/1004722.pdf||https://library.oapen.org/bitstream/20.500.12657/25374/1/1004722.pdf | ||
| 942 | _cEB | ||
| 999 |
_c13602 _d13602 |
||